[Event "Azerbaijan Chess Championship2015 - Men"]
[Site ""]
[Date "2015.01.14"]
[Round "8"]
[Board "3"]
[White "Durarbayli, Vasif"]
[Black "Shahaliyev, Ismayil"]
[Result "1-0"]
[WhiteElo "2635"]
[BlackElo "2273"]
[PlyCount "0"]
[EventDate "2015.01.06"]
[EventRounds "9"]
[EventCountry "AZE"]

1. d4 {[%clk 1:30:57]} e6 {[%clk 1:30:56]} 2. c4 {[%clk 1:31:19]} Nf6
{[%clk 1:31:21]} 3. Nf3 {[%clk 1:31:43]} c5 {[%clk 1:29:18]} 4. d5
{[%clk 1:32:04]} exd5 {[%clk 1:29:43]} 5. cxd5 {[%clk 1:32:31]} d6
{[%clk 1:30:10]} 6. Nc3 {[%clk 1:32:57]} g6 {[%clk 1:30:36]} 7. Bf4
{[%clk 1:33:22]} a6 {[%clk 1:31:03]} 8. e4 {[%clk 1:33:47]} b5 {[%clk 1:30:45]}
9. Be2 {[%clk 1:34:12]} Bg7 {[%clk 1:22:48]} 10. e5 {[%clk 1:34:26]} dxe5
{[%clk 1:23:10]} 11. Nxe5 {[%clk 1:34:46]} b4 {[%clk 1:09:05]} 12. Na4
{[%clk 1:34:25]} Nxd5 {[%clk 1:07:42]} 13. Bg3 {[%clk 1:32:32]} O-O
{[%clk 1:05:43]} 14. O-O {[%clk 1:32:54]} Bxe5 {[%clk 0:53:19]} 15. Bxe5
{[%clk 1:31:57]} Nc6 {[%clk 0:53:36]} 16. Bg3 {[%clk 1:32:16]} Nd4
{[%clk 0:52:34]} 17. Nxc5 {[%clk 1:32:35]} Nb6 {[%clk 0:40:24]} 18. Bf3
{[%clk 1:18:12]} Nxf3+ {[%clk 0:32:06]} 19. Qxf3 {[%clk 1:18:35]} Qd5
{[%clk 0:31:59]} 20. Qf6 {[%clk 1:11:08]} Nc4 {[%clk 0:32:06]} 21. Qe7
{[%clk 1:11:11]} Bg4 {[%clk 0:25:36]} 22. Ne4 {[%clk 1:11:24]} Qe6
{[%clk 0:23:55]} 23. Qxe6 {[%clk 1:11:43]} Bxe6 {[%clk 0:24:14]} 24. b3
{[%clk 1:12:09]} Na5 {[%clk 0:21:14]} 25. Bd6 {[%clk 1:11:29]} Rfc8
{[%clk 0:20:23]} 26. Bxb4 {[%clk 1:11:26]} Nc6 {[%clk 0:20:47]} 27. Nf6+
{[%clk 1:11:17]} Kg7 {[%clk 0:21:07]} 28. Bc3 {[%clk 1:11:41]} Ra7
{[%clk 0:12:46]} 29. Rac1 {[%clk 1:11:48]} Ne7 {[%clk 0:11:15]} 30. Bd4
{[%clk 1:09:03]} Raa8 {[%clk 0:10:16]} 31. Nd5+ {[%clk 1:08:39]} Kf8
{[%clk 0:10:40]} 32. Nc7 {[%clk 1:09:03]} Rab8 {[%clk 0:10:54]} 33. Nxa6
{[%clk 1:05:57]} Rxc1 {[%clk 0:10:45]} 34. Rxc1 {[%clk 1:06:17]} Ra8
{[%clk 0:11:11]} 35. Nb4 {[%clk 1:06:32]} Nd5 {[%clk 0:11:36]} 36. Nxd5
{[%clk 1:06:32]} Bxd5 {[%clk 0:12:05]} 37. Rc2 {[%clk 1:06:20]} Ke7
{[%clk 0:12:29]} 38. f3 {[%clk 1:06:41]} Kd7 {[%clk 0:12:38]} 39. Kf2
{[%clk 1:06:50]} h5 {[%clk 0:12:21]} 40. Ke3 {[%clk 1:36:38]} Re8+
{[%clk 0:42:40]} 41. Kd2 {[%clk 1:36:56]} Ra8 {[%clk 0:43:05]} 42. Kc1
{[%clk 1:35:10]} Be6 {[%clk 0:43:01]} 43. Kb2 {[%clk 1:35:15]} Rb8
{[%clk 0:43:21]} 44. Rc3 {[%clk 1:35:36]} Bd5 {[%clk 0:43:48]} 45. a4
{[%clk 1:35:22]} 1-0

[Event "Azerbaijan Chess Championship2015 - Men"]
[Site ""]
[Date "2015.01.14"]
[Round "8"]
[Board "4"]
[White "Bajarani, Ulvi"]
[Black "Rasulov, Vugar"]
[Result "0-1"]
[WhiteElo "2494"]
[BlackElo "2491"]
[PlyCount "0"]
[EventDate "2015.01.06"]
[EventRounds "9"]
[EventCountry "AZE"]

1. e4 {[%clk 1:30:57]} c5 {[%clk 1:30:32]} 2. Nf3 {[%clk 1:31:19]} d6
{[%clk 1:30:31]} 3. d4 {[%clk 1:31:38]} cxd4 {[%clk 1:30:55]} 4. Nxd4
{[%clk 1:32:03]} Nf6 {[%clk 1:31:14]} 5. Nc3 {[%clk 1:32:25]} a6 {[%clk 1:31:20]}
6. a4 {[%clk 1:32:32]} e5 {[%clk 1:31:38]} 7. Nf3 {[%clk 1:32:56]} Be7
{[%clk 1:31:47]} 8. Bc4 {[%clk 1:33:14]} O-O {[%clk 1:32:01]} 9. O-O
{[%clk 1:33:03]} Nc6 {[%clk 1:32:18]} 10. Qe2 {[%clk 1:32:19]} Bg4
{[%clk 1:32:20]} 11. Be3 {[%clk 1:32:12]} Rc8 {[%clk 1:29:16]} 12. Rfd1
{[%clk 1:31:42]} Qc7 {[%clk 1:19:20]} 13. h3 {[%clk 1:29:09]} Be6
{[%clk 1:15:35]} 14. Bxe6 {[%clk 1:26:05]} fxe6 {[%clk 1:14:23]} 15. Ng5
{[%clk 1:26:03]} Qd7 {[%clk 1:12:25]} 16. Qc4 {[%clk 1:26:01]} Nd8
{[%clk 1:10:30]} 17. Qb3 {[%clk 1:23:29]} h6 {[%clk 1:06:59]} 18. Nf3
{[%clk 1:23:51]} Qc6 {[%clk 1:07:06]} 19. Bb6 {[%clk 1:13:50]} Qc4
{[%clk 1:01:33]} 20. Qa3 {[%clk 1:10:13]} Nc6 {[%clk 0:59:49]} 21. Nd2
{[%clk 1:08:47]} Qb4 {[%clk 0:59:22]} 22. Qb3 {[%clk 1:08:35]} Qxb3
{[%clk 0:58:07]} 23. Nxb3 {[%clk 1:08:56]} Nb4 {[%clk 0:58:01]} 24. Ba5
{[%clk 1:07:52]} d5 {[%clk 0:55:19]} 25. exd5 {[%clk 1:06:56]} exd5
{[%clk 0:55:42]} 26. Bxb4 {[%clk 1:04:26]} Bxb4 {[%clk 0:56:00]} 27. Na2
{[%clk 1:04:39]} Bd6 {[%clk 0:55:09]} 28. c3 {[%clk 1:04:52]} Bb8
{[%clk 0:50:46]} 29. f3 {[%clk 1:02:23]} Bd6 {[%clk 0:47:54]} 30. a5
{[%clk 1:01:19]} Kf7 {[%clk 0:45:30]} 31. Rd3 {[%clk 1:00:12]} Rc4
{[%clk 0:43:49]} 32. Nac1 {[%clk 0:57:51]} Re8 {[%clk 0:39:45]} 33. Ne2
{[%clk 0:55:21]} h5 {[%clk 0:33:03]} 34. Nd2 {[%clk 0:44:24]} Rc6
{[%clk 0:33:19]} 35. b4 {[%clk 0:43:35]} g5 {[%clk 0:27:05]} 36. Rf1
{[%clk 0:39:14]} Kg6 {[%clk 0:26:24]} 37. Nb3 {[%clk 0:34:46]} Bb8
{[%clk 0:23:26]} 38. Rdd1 {[%clk 0:31:59]} g4 {[%clk 0:20:29]} 39. fxg4
{[%clk 0:31:29]} hxg4 {[%clk 0:20:57]} 40. h4 {[%clk 1:01:42]} Rec8
{[%clk 0:39:50]} 41. Kh2 {[%clk 0:53:20]} Rc4 {[%clk 0:26:59]} 42. g3
{[%clk 0:47:30]} Re4 {[%clk 0:26:55]} 43. Rd2 {[%clk 0:46:47]} Ba7
{[%clk 0:20:54]} 44. Nbc1 {[%clk 0:46:35]} Be3 {[%clk 0:19:09]} 45. Rd3
{[%clk 0:46:08]} Bxc1 {[%clk 0:18:43]} 46. Nxc1 {[%clk 0:46:29]} d4
{[%clk 0:19:09]} 47. cxd4 {[%clk 0:46:29]} Rc2+ {[%clk 0:19:19]} 48. Kg1
{[%clk 0:46:49]} exd4 {[%clk 0:19:17]} 49. Rfd1 {[%clk 0:46:36]} Nd7
{[%clk 0:17:23]} 50. R3d2 {[%clk 0:46:29]} Rxd2 {[%clk 0:17:46]} 0-1

[Event "Azerbaijan Chess Championship2015 - Men"]
[Site ""]
[Date "2015.01.14"]
[Round "8"]
[Board "5"]
[White "Mirzoev, Azer"]
[Black "Gasimov, Parviz"]
[Result "1-0"]
[WhiteElo "2549"]
[BlackElo "2517"]
[PlyCount "0"]
[EventDate "2015.01.06"]
[EventRounds "9"]
[EventCountry "AZE"]

1. d4 {[%clk 1:23:35]} Nf6 {[%clk 1:30:50]} 2. Nf3 {[%clk 1:23:49]} d5
{[%clk 1:28:13]} 3. c4 {[%clk 1:22:13]} c6 {[%clk 1:28:20]} 4. Qc2
{[%clk 1:22:33]} dxc4 {[%clk 1:27:26]} 5. Qxc4 {[%clk 1:22:58]} Bf5
{[%clk 1:27:26]} 6. g3 {[%clk 1:23:18]} e6 {[%clk 1:26:27]} 7. Bg2
{[%clk 1:23:41]} Nbd7 {[%clk 1:26:23]} 8. Nc3 {[%clk 1:23:23]} Be7
{[%clk 1:25:40]} 9. Qb3 {[%clk 1:22:27]} Qb6 {[%clk 1:25:07]} 10. Nd2
{[%clk 1:22:47]} e5 {[%clk 1:10:25]} 11. d5 {[%clk 1:21:00]} Qxb3
{[%clk 1:08:06]} 12. Nxb3 {[%clk 1:20:08]} cxd5 {[%clk 1:05:57]} 13. Nxd5
{[%clk 1:20:33]} Nxd5 {[%clk 1:05:14]} 14. Bxd5 {[%clk 1:20:57]} Rb8
{[%clk 1:01:32]} 15. Be3 {[%clk 1:15:39]} Nf6 {[%clk 0:56:59]} 16. Bg2
{[%clk 1:15:49]} Bb4+ {[%clk 0:54:02]} 17. Kf1 {[%clk 1:15:08]} b6
{[%clk 0:50:32]} 18. a3 {[%clk 1:03:19]} Bd6 {[%clk 0:47:08]} 19. Nd2
{[%clk 0:57:00]} Rc8 {[%clk 0:42:18]} 20. h3 {[%clk 0:57:17]} Ke7
{[%clk 0:37:12]} 21. Bg5 {[%clk 0:49:38]} Rc2 {[%clk 0:33:16]} 22. b4
{[%clk 0:49:37]} h6 {[%clk 0:27:05]} 23. Bxf6+ {[%clk 0:49:44]} gxf6
{[%clk 0:25:42]} 24. Ne4 {[%clk 0:45:06]} Rhc8 {[%clk 0:23:25]} 25. Bf3
{[%clk 0:41:59]} R8c4 {[%clk 0:19:02]} 26. Nxd6 {[%clk 0:41:48]} Kxd6
{[%clk 0:19:30]} 27. Kg2 {[%clk 0:41:31]} e4 {[%clk 0:17:50]} 28. Rhd1+
{[%clk 0:40:20]} Ke7 {[%clk 0:16:24]} 29. Bh5 {[%clk 0:40:30]} Bg6
{[%clk 0:13:42]} 30. Bxg6 {[%clk 0:40:56]} fxg6 {[%clk 0:14:09]} 31. e3
{[%clk 0:41:19]} Rb2 {[%clk 0:11:43]} 32. Rac1 {[%clk 0:39:51]} Rxc1
{[%clk 0:09:51]} 33. Rxc1 {[%clk 0:40:16]} Kd6 {[%clk 0:09:40]} 34. Rc3
{[%clk 0:36:17]} h5 {[%clk 0:07:18]} 35. h4 {[%clk 0:35:40]} a5 {[%clk 0:06:06]}
36. bxa5 {[%clk 0:35:19]} bxa5 {[%clk 0:06:35]} 37. Rc8 {[%clk 0:35:36]} Rb5
{[%clk 0:04:20]} 38. g4 {[%clk 0:28:55]} Ke7 {[%clk 0:01:01]} 39. Rc4
{[%clk 0:28:43]} Re5 {[%clk 0:00:37]} 40. gxh5 {[%clk 0:58:25]} gxh5
{[%clk 0:30:48]} 41. Kg3 {[%clk 0:58:26]} Ke6 {[%clk 0:26:05]} 42. a4
{[%clk 0:41:38]} Kf5 {[%clk 0:24:12]} 43. Rc8 {[%clk 0:41:59]} Rd5
{[%clk 0:21:08]} 44. Rh8 {[%clk 0:42:11]} Kg6 {[%clk 0:21:05]} 45. Re8
{[%clk 0:40:30]} Kf5 {[%clk 0:21:08]} 46. f3 {[%clk 0:37:38]} Re5
{[%clk 0:19:59]} 47. Rh8 {[%clk 0:38:05]} exf3 {[%clk 0:18:37]} 48. Rxh5+
{[%clk 0:33:36]} 1-0

[Event "Azerbaijan Chess Championship2015 - Men"]
[Site ""]
[Date "2015.01.14"]
[Round "8"]
[Board "6"]
[White "Sadikhov, Ulvi"]
[Black "Heydarli, Kanan"]
[Result "1-0"]
[WhiteElo "2414"]
[BlackElo "2273"]
[PlyCount "0"]
[EventDate "2015.01.06"]
[EventRounds "9"]
[EventCountry "AZE"]

1. e4 {[%clk 1:30:58]} c5 {[%clk 1:30:54]} 2. Nf3 {[%clk 1:31:24]} e6
{[%clk 1:31:18]} 3. d4 {[%clk 1:31:50]} cxd4 {[%clk 1:31:39]} 4. Nxd4
{[%clk 1:32:18]} a6 {[%clk 1:32:04]} 5. Bd3 {[%clk 1:32:44]} Nf6 {[%clk 1:32:27]}
6. O-O {[%clk 1:33:08]} Qc7 {[%clk 1:31:40]} 7. Qe2 {[%clk 1:33:34]} d6
{[%clk 1:30:42]} 8. c4 {[%clk 1:33:50]} g6 {[%clk 1:29:07]} 9. Nc3
{[%clk 1:33:55]} Bg7 {[%clk 1:27:47]} 10. Nf3 {[%clk 1:34:13]} O-O
{[%clk 1:25:29]} 11. h3 {[%clk 1:34:41]} Nbd7 {[%clk 1:22:08]} 12. Rd1
{[%clk 1:34:15]} b6 {[%clk 1:21:37]} 13. Bf4 {[%clk 1:31:38]} Bb7
{[%clk 1:18:42]} 14. Rac1 {[%clk 1:31:59]} Rac8 {[%clk 1:17:20]} 15. b3
{[%clk 1:30:14]} Rfd8 {[%clk 1:15:47]} 16. Bb1 {[%clk 1:30:09]} Ne5
{[%clk 1:15:02]} 17. Bg5 {[%clk 1:25:56]} h6 {[%clk 1:11:28]} 18. Be3
{[%clk 1:24:37]} Nxf3+ {[%clk 1:11:36]} 19. Qxf3 {[%clk 1:24:59]} Nd7
{[%clk 1:11:09]} 20. Qg3 {[%clk 1:19:24]} e5 {[%clk 1:03:42]} 21. Qh4
{[%clk 1:16:12]} g5 {[%clk 1:03:21]} 22. Qg4 {[%clk 1:15:06]} Rb8
{[%clk 1:00:58]} 23. Nd5 {[%clk 1:13:46]} Bxd5 {[%clk 1:01:16]} 24. cxd5
{[%clk 1:14:12]} Qb7 {[%clk 1:00:53]} 25. Rc6 {[%clk 1:09:54]} Nf6
{[%clk 1:00:59]} 26. Qg3 {[%clk 1:05:34]} b5 {[%clk 1:01:20]} 27. Rdc1
{[%clk 1:03:13]} Ne8 {[%clk 0:59:20]} 28. h4 {[%clk 1:01:56]} f6 {[%clk 0:59:43]}
29. Qg4 {[%clk 1:01:02]} Ra8 {[%clk 0:54:20]} 30. Bd3 {[%clk 1:00:12]} Bf8
{[%clk 0:50:56]} 31. Be2 {[%clk 1:00:03]} Qh7 {[%clk 0:47:49]} 32. Qe6+
{[%clk 0:53:31]} Kh8 {[%clk 0:46:05]} 33. Bg4 {[%clk 0:50:06]} gxh4
{[%clk 0:45:43]} 34. Bh5 {[%clk 0:40:36]} Qxe4 {[%clk 0:45:03]} 35. Rc7
{[%clk 0:26:54]} Nxc7 {[%clk 0:45:19]} 36. Rxc7 {[%clk 0:27:19]} Bg7
{[%clk 0:42:59]} 37. Rxg7 {[%clk 0:27:03]} Rg8 {[%clk 0:40:14]} 38. Bg6
{[%clk 0:26:26]} Qxg6 {[%clk 0:40:38]} 39. Rxg6 {[%clk 0:26:52]} Rxg6
{[%clk 0:41:05]} 40. Qxd6 {[%clk 0:57:04]} Rag8 {[%clk 1:11:24]} 41. Kf1
{[%clk 0:57:28]} R8g7 {[%clk 1:11:20]} 42. Qe6 {[%clk 0:57:32]} Rxg2
{[%clk 1:11:41]} 43. d6 {[%clk 0:56:52]} Rg1+ {[%clk 1:09:59]} 44. Ke2
{[%clk 0:56:47]} h3 {[%clk 1:10:14]} 45. Qxh3 {[%clk 0:57:01]} R1g6
{[%clk 1:10:02]} 46. d7 {[%clk 0:57:22]} Rg8 {[%clk 1:10:25]} 47. Bb6
{[%clk 0:57:47]} 1-0

[Event "Azerbaijan Chess Championship2015 - Men"]
[Site ""]
[Date "2015.01.14"]
[Round "8"]
[Board "7"]
[White "Guliev, Logman"]
[Black "Bayramov, Elvin"]
[Result "1-0"]
[WhiteElo "2385"]
[BlackElo "2051"]
[PlyCount "0"]
[EventDate "2015.01.06"]
[EventRounds "9"]
[EventCountry "AZE"]

1. e4 {[%clk 1:30:58]} c5 {[%clk 1:30:54]} 2. Nf3 {[%clk 1:31:22]} d6
{[%clk 1:31:17]} 3. d4 {[%clk 1:31:44]} cxd4 {[%clk 1:31:42]} 4. Nxd4
{[%clk 1:32:08]} Nf6 {[%clk 1:32:09]} 5. Nc3 {[%clk 1:32:29]} g6 {[%clk 1:32:09]}
6. Bc4 {[%clk 1:30:51]} Bg7 {[%clk 1:31:32]} 7. O-O {[%clk 1:31:12]} O-O
{[%clk 1:31:56]} 8. h3 {[%clk 1:27:06]} Nbd7 {[%clk 1:31:16]} 9. Bg5
{[%clk 1:24:07]} Qb6 {[%clk 1:30:26]} 10. Nb3 {[%clk 1:18:04]} a6
{[%clk 1:29:10]} 11. Qd2 {[%clk 1:16:28]} Ne5 {[%clk 1:27:15]} 12. Be2
{[%clk 1:15:04]} Be6 {[%clk 1:23:34]} 13. Be3 {[%clk 1:11:50]} Qc7
{[%clk 1:22:50]} 14. Nd4 {[%clk 1:11:38]} Nc4 {[%clk 1:17:49]} 15. Bxc4
{[%clk 1:10:19]} Bxc4 {[%clk 1:18:02]} 16. Rfe1 {[%clk 1:10:43]} Rad8
{[%clk 1:10:40]} 17. Bh6 {[%clk 0:58:50]} Qc5 {[%clk 1:04:49]} 18. Bxg7
{[%clk 0:56:43]} Kxg7 {[%clk 1:05:08]} 19. Re3 {[%clk 0:54:02]} h6
{[%clk 0:56:02]} 20. Rae1 {[%clk 0:43:48]} e5 {[%clk 0:53:52]} 21. Nde2
{[%clk 0:39:47]} b5 {[%clk 0:51:18]} 22. Ng3 {[%clk 0:38:07]} Qc7
{[%clk 0:45:03]} 23. Rf3 {[%clk 0:35:30]} b4 {[%clk 0:43:38]} 24. Nd1
{[%clk 0:34:48]} a5 {[%clk 0:35:43]} 25. b3 {[%clk 0:32:51]} Be6 {[%clk 0:35:51]}
26. c4 {[%clk 0:33:06]} bxc3 {[%clk 0:35:23]} 27. Rxc3 {[%clk 0:31:51]} Qb7
{[%clk 0:35:19]} 28. Rd3 {[%clk 0:23:16]} d5 {[%clk 0:26:34]} 29. Qxa5
{[%clk 0:18:32]} Ra8 {[%clk 0:26:24]} 30. Qd2 {[%clk 0:18:15]} dxe4
{[%clk 0:25:36]} 31. Rd6 {[%clk 0:17:51]} Rfc8 {[%clk 0:19:51]} 32. Ne3
{[%clk 0:15:50]} Ne8 {[%clk 0:18:26]} 33. Rxe6 {[%clk 0:16:10]} fxe6
{[%clk 0:17:25]} 34. Ng4 {[%clk 0:16:34]} g5 {[%clk 0:15:38]} 35. Rxe4
{[%clk 0:15:14]} Qc7 {[%clk 0:12:59]} 36. Kh2 {[%clk 0:15:04]} Nf6
{[%clk 0:11:42]} 37. Nxf6 {[%clk 0:13:03]} Kxf6 {[%clk 0:12:08]} 38. a4
{[%clk 0:12:27]} Rd8 {[%clk 0:11:10]} 39. Qe2 {[%clk 0:12:16]} Rab8
{[%clk 0:10:36]} 40. Rc4 {[%clk 0:40:04]} Qf7 {[%clk 0:36:37]} 41. Nh5+
{[%clk 0:36:07]} Kg6 {[%clk 0:32:18]} 42. Rc7 {[%clk 0:32:58]} Qxc7
{[%clk 0:26:18]} 43. Qe4+ {[%clk 0:33:21]} Kxh5 {[%clk 0:26:40]} 44. g4+
{[%clk 0:33:46]} 1-0

[Event "Azerbaijan Chess Championship2015 - Men"]
[Site ""]
[Date "2015.01.14"]
[Round "8"]
[Board "8"]
[White "Izzat, Kanan"]
[Black "Abdulov, Orkhan"]
[Result "1-0"]
[WhiteElo "2424"]
[BlackElo "2342"]
[PlyCount "0"]
[EventDate "2015.01.06"]
[EventRounds "9"]
[EventCountry "AZE"]

1. d4 {[%clk 1:13:07]} Nf6 {[%clk 1:30:42]} 2. c4 {[%clk 1:13:05]} e6
{[%clk 1:30:20]} 3. g3 {[%clk 1:13:14]} d5 {[%clk 1:30:08]} 4. Bg2
{[%clk 1:13:39]} Be7 {[%clk 1:29:44]} 5. Nf3 {[%clk 1:13:38]} O-O
{[%clk 1:30:10]} 6. O-O {[%clk 1:14:04]} dxc4 {[%clk 1:28:42]} 7. Qc2
{[%clk 1:14:28]} c5 {[%clk 1:28:32]} 8. dxc5 {[%clk 1:14:51]} Bxc5
{[%clk 1:28:50]} 9. Qxc4 {[%clk 1:13:23]} Qe7 {[%clk 1:28:53]} 10. Nc3
{[%clk 1:09:22]} h6 {[%clk 1:22:51]} 11. g4 {[%clk 0:57:57]} Nd5 {[%clk 1:10:43]}
12. g5 {[%clk 0:58:02]} Nxc3 {[%clk 1:07:51]} 13. bxc3 {[%clk 0:58:07]} hxg5
{[%clk 0:54:29]} 14. Nxg5 {[%clk 0:57:25]} f6 {[%clk 0:39:37]} 15. Ne4
{[%clk 0:57:02]} Bb6 {[%clk 0:39:31]} 16. Qb3 {[%clk 0:50:29]} Rd8
{[%clk 0:35:24]} 17. Ba3 {[%clk 0:50:15]} Qc7 {[%clk 0:35:10]} 18. Rad1
{[%clk 0:49:57]} Nc6 {[%clk 0:34:15]} 19. Rxd8+ {[%clk 0:48:38]} Nxd8
{[%clk 0:31:50]} 20. c4 {[%clk 0:46:26]} Bd7 {[%clk 0:27:49]} 21. Bd6
{[%clk 0:37:16]} Qc8 {[%clk 0:27:37]} 22. Nxf6+ {[%clk 0:32:05]} gxf6
{[%clk 0:26:56]} 23. Qg3+ {[%clk 0:31:13]} Kf7 {[%clk 0:26:57]} 24. Bf3
{[%clk 0:30:48]} e5 {[%clk 0:25:01]} 25. Bh5+ {[%clk 0:29:41]} Ke6
{[%clk 0:25:30]} 26. Bf8 {[%clk 0:29:49]} Bc6 {[%clk 0:14:41]} 27. Qg4+
{[%clk 0:29:40]} f5 {[%clk 0:14:50]} 28. Qg6+ {[%clk 0:29:58]} Kd7
{[%clk 0:15:00]} 29. Qd6# 1-0

[Event "Azerbaijan Chess Championship2015 - Men"]
[Site ""]
[Date "2015.01.14"]
[Round "8"]
[Board "9"]
[White "Asadli, Vugar"]
[Black "Rzayev, Bahruz"]
[Result "1/2-1/2"]
[WhiteElo "2127"]
[BlackElo "2416"]
[PlyCount "0"]
[EventDate "2015.01.06"]
[EventRounds "9"]
[EventCountry "AZE"]

1. e4 {[%clk 1:30:58]} e5 {[%clk 1:30:57]} 2. Nf3 {[%clk 1:31:23]} Nc6
{[%clk 1:31:24]} 3. d4 {[%clk 1:31:47]} exd4 {[%clk 1:31:51]} 4. Nxd4
{[%clk 1:32:12]} Bc5 {[%clk 1:32:19]} 5. Be3 {[%clk 1:32:30]} Qf6
{[%clk 1:32:48]} 6. Nb5 {[%clk 1:32:54]} Bxe3 {[%clk 1:32:40]} 7. fxe3
{[%clk 1:33:01]} Kd8 {[%clk 1:32:27]} 8. N1c3 {[%clk 1:33:00]} Nge7
{[%clk 1:32:54]} 9. Qd2 {[%clk 1:32:54]} Ne5 {[%clk 1:29:51]} 10. O-O-O
{[%clk 1:31:17]} a6 {[%clk 1:29:40]} 11. Nd4 {[%clk 1:31:31]} d6 {[%clk 1:29:50]}
12. Be2 {[%clk 1:29:44]} Be6 {[%clk 1:28:06]} 13. h3 {[%clk 1:27:18]} Kd7
{[%clk 1:24:39]} 14. Nf3 {[%clk 1:20:59]} Rae8 {[%clk 1:18:17]} 15. Qd4
{[%clk 1:10:15]} N7c6 {[%clk 1:18:34]} 16. Qa4 {[%clk 1:10:36]} Kc8
{[%clk 1:18:19]} 17. Kb1 {[%clk 1:08:47]} Qh6 {[%clk 1:02:48]} 18. Rhe1
{[%clk 1:04:22]} Nxf3 {[%clk 0:55:38]} 19. gxf3 {[%clk 1:03:37]} Nb8
{[%clk 0:55:54]} 20. Qd4 {[%clk 0:58:49]} Nc6 {[%clk 0:44:17]} 21. Qa4
{[%clk 0:58:29]} Nb8 {[%clk 0:40:32]} 22. Qd4 {[%clk 0:58:05]} Bd7
{[%clk 0:35:28]} 23. Rg1 {[%clk 0:53:49]} Rhg8 {[%clk 0:30:15]} 24. Rg3
{[%clk 0:49:21]} Nc6 {[%clk 0:29:14]} 25. Qd2 {[%clk 0:49:29]} f5
{[%clk 0:26:23]} 26. Rdg1 {[%clk 0:46:07]} g6 {[%clk 0:26:22]} 27. exf5
{[%clk 0:42:34]} Bxf5 {[%clk 0:25:38]} 28. f4 {[%clk 0:42:50]} Rgf8
{[%clk 0:24:44]} 29. a3 {[%clk 0:41:07]} Bd7 {[%clk 0:24:45]} 30. Bf3
{[%clk 0:37:26]} Ne7 {[%clk 0:24:14]} 31. Bg4 {[%clk 0:33:10]} Nf5
{[%clk 0:24:13]} 32. Rf3 {[%clk 0:31:39]} Bc6 {[%clk 0:22:32]} 33. Rff1
{[%clk 0:26:11]} Kb8 {[%clk 0:22:57]} 34. Re1 {[%clk 0:26:35]} Qh4
{[%clk 0:21:22]} 35. Qd3 {[%clk 0:23:29]} h5 36. Bd1 {[%clk 0:21:24]} Ne7
{[%clk 0:09:14]} 37. Ne2 {[%clk 0:19:53]} Nf5 {[%clk 0:08:07]} 38. Nc3
{[%clk 0:19:48]} Qxh3 {[%clk 0:07:56]} 39. e4 {[%clk 0:19:51]} Qxd3
{[%clk 0:07:43]} 40. cxd3 {[%clk 0:50:03]} Ne7 {[%clk 0:38:12]} 41. f5
{[%clk 0:49:33]} gxf5 {[%clk 0:38:15]} 42. Bxh5 {[%clk 0:49:53]} Rd8
{[%clk 0:37:57]} 43. Rg7 {[%clk 0:49:34]} Rh8 {[%clk 0:37:07]} 44. Rxe7
{[%clk 0:47:08]} Rxh5 {[%clk 0:37:33]} 45. exf5 {[%clk 0:47:34]} Rxf5
{[%clk 0:37:59]} 46. Rg1 {[%clk 0:47:59]} Rd7 {[%clk 0:35:49]} 47. Rg8+
{[%clk 0:47:09]} Ka7 {[%clk 0:36:19]} 48. Rxd7 {[%clk 0:47:32]} Bxd7
{[%clk 0:36:46]} 49. Rg7 {[%clk 0:47:58]} Rf1+ {[%clk 0:36:56]} 50. Kc2
{[%clk 0:46:24]} Rf2+ {[%clk 0:37:02]} 51. Kc1 {[%clk 0:45:46]} Bf5
{[%clk 0:36:29]} 52. Rf7 {[%clk 0:45:46]} Rf1+ {[%clk 0:36:08]} 53. Kd2
{[%clk 0:46:02]} Bxd3 {[%clk 0:36:28]} 54. Rxc7 {[%clk 0:45:53]} Bg6
{[%clk 0:35:26]} 55. Ke3 {[%clk 0:43:39]} Be8 {[%clk 0:34:32]} 56. Rc4
{[%clk 0:40:24]} Bc6 {[%clk 0:32:13]} 57. Rd4 {[%clk 0:40:20]} Rf6
{[%clk 0:32:27]} 58. a4 {[%clk 0:38:37]} a5 {[%clk 0:32:14]} 59. Kd3
{[%clk 0:38:13]} Rf2 {[%clk 0:28:22]} 60. b3 {[%clk 0:35:34]} Rf6
{[%clk 0:28:16]} 61. Kc4 {[%clk 0:35:06]} Ka6 {[%clk 0:27:28]} 62. b4
{[%clk 0:31:27]} axb4 {[%clk 0:26:27]} 63. Kxb4 {[%clk 0:31:53]} Kb6
{[%clk 0:26:47]} 64. Nb5 {[%clk 0:29:49]} Bxb5 {[%clk 0:26:22]} 65. axb5
{[%clk 0:30:15]} Rh6 {[%clk 0:26:17]} 66. Kc4 {[%clk 0:30:09]} Kc7
{[%clk 0:21:15]} 67. Kb4 {[%clk 0:29:28]} Rh1 {[%clk 0:19:17]} 68. Rc4+
{[%clk 0:26:35]} Kb6 {[%clk 0:19:43]} 69. Rd4 {[%clk 0:26:51]} Rb1+
{[%clk 0:20:09]} 70. Kc4 {[%clk 0:27:05]} Rc1+ {[%clk 0:19:48]} 71. Kb4
{[%clk 0:26:13]} Kc7 {[%clk 0:19:10]} 72. Rh4 {[%clk 0:26:11]} Rd1
{[%clk 0:18:30]} 73. Rh7+ {[%clk 0:24:14]} Kb6 {[%clk 0:18:58]} 74. Rh6
{[%clk 0:24:37]} Rd4+ {[%clk 0:15:35]} 75. Kc3 {[%clk 0:24:57]} Rd5
{[%clk 0:15:45]} 76. Kc4 {[%clk 0:24:34]} Rc5+ {[%clk 0:16:12]} 77. Kd4
{[%clk 0:24:56]} Kxb5 {[%clk 0:16:30]} 78. Rxd6 {[%clk 0:25:08]} Rc7
{[%clk 0:16:38]} 79. Rh6 {[%clk 0:23:30]} Ka5 {[%clk 0:17

[Event "Azerbaijan Chess Championship2015 - Men"]
[Site ""]
[Date "2015.01.14"]
[Round "8"]
[Board "10"]
[White "Mammadov, Zaur"]
[Black "Sevdimaliyev, Urfan"]
[Result "0-1"]
[WhiteElo "2487"]
[BlackElo "2505"]
[PlyCount "0"]
[EventDate "2015.01.06"]
[EventRounds "9"]
[EventCountry "AZE"]

1. d4 {[%clk 1:30:54]} Nf6 {[%clk 1:30:10]} 2. Nf3 {[%clk 1:31:18]} g6
{[%clk 1:30:15]} 3. Bg5 {[%clk 1:31:42]} Bg7 {[%clk 1:30:38]} 4. Nbd2
{[%clk 1:32:06]} d5 {[%clk 1:30:06]} 5. e3 {[%clk 1:31:58]} O-O {[%clk 1:26:29]}
6. Bd3 {[%clk 1:32:03]} Nbd7 {[%clk 1:16:53]} 7. O-O {[%clk 1:32:26]} c5
{[%clk 1:15:06]} 8. c3 {[%clk 1:27:07]} Re8 9. Re1 e5 {[%clk 1:11:49]} 10. Nxe5
{[%clk 1:24:32]} Nxe5 {[%clk 1:11:32]} 11. dxe5 {[%clk 1:24:54]} Rxe5
{[%clk 1:11:51]} 12. Nf3 {[%clk 1:25:11]} Bg4 {[%clk 1:09:11]} 13. Bf4
{[%clk 1:23:46]} Re8 {[%clk 1:08:00]} 14. h3 {[%clk 1:24:00]} Bxf3
{[%clk 1:05:49]} 15. Qxf3 {[%clk 1:24:13]} Qb6 {[%clk 1:06:01]} 16. Qe2
{[%clk 1:23:11]} c4 {[%clk 0:58:00]} 17. Bb1 {[%clk 1:21:40]} a5 {[%clk 0:57:03]}
18. a3 {[%clk 1:10:05]} Nd7 {[%clk 0:44:51]} 19. Rd1 {[%clk 1:02:31]} Qc6
{[%clk 0:40:16]} 20. Bc2 {[%clk 0:58:21]} Nc5 {[%clk 0:38:28]} 21. Qf3
{[%clk 0:45:15]} Ne4 {[%clk 0:37:16]} 22. h4 {[%clk 0:42:56]} b5 {[%clk 0:31:55]}
23. Qe2 {[%clk 0:31:27]} Rad8 {[%clk 0:27:53]} 24. h5 {[%clk 0:30:19]} g5
{[%clk 0:24:00]} 25. Bh2 {[%clk 0:30:19]} Qe6 {[%clk 0:20:12]} 26. Bc7
{[%clk 0:25:21]} Ra8 {[%clk 0:19:14]} 27. Bxe4 {[%clk 0:25:06]} dxe4
{[%clk 0:18:44]} 28. Rd2 {[%clk 0:24:21]} Qc6 {[%clk 0:18:16]} 29. Bg3
{[%clk 0:24:35]} Rad8 {[%clk 0:18:14]} 30. Rad1 {[%clk 0:24:56]} Rd3
{[%clk 0:17:38]} 31. Rf1 {[%clk 0:21:26]} Red8 {[%clk 0:15:37]} 32. Rc2
{[%clk 0:21:55]} Qe6 {[%clk 0:12:21]} 33. f4 {[%clk 0:20:22]} exf3
{[%clk 0:12:00]} 34. Rxf3 {[%clk 0:20:21]} g4 {[%clk 0:07:59]} 35. Rf4
{[%clk 0:19:57]} f5 {[%clk 0:06:47]} 36. Qf2 {[%clk 0:17:59]} Rxe3
{[%clk 0:05:19]} 37. Bh4 {[%clk 0:17:52]} Rd1+ {[%clk 0:04:12]} 38. Kh2
{[%clk 0:17:29]} Ree1 {[%clk 0:03:23]} 39. Rd2 {[%clk 0:47:58]} Rh1+
{[%clk 0:02:57]} 40. Kg3 {[%clk 0:45:47]} Be5 {[%clk 0:32:11]} 41. Bg5 h6
{[%clk 0:31:59]} 0-1